<?xml version="1.0" encoding="UTF-8"?>
<collection xmlns="http://www.loc.gov/MARC21/slim">
 <record>
  <leader>01083nam  2200265#c 4500</leader>
  <controlfield tag="001">UMA-12021</controlfield>
  <controlfield tag="003">UMA</controlfield>
  <controlfield tag="005">20230415    193722</controlfield>
  <controlfield tag="008">080313suuuu####ag###########||||#0#spa#d</controlfield>
  <datafield tag="336" ind1=" " ind2=" ">
   <subfield code="a">texto</subfield>
  </datafield>
  <datafield tag="337" ind1=" " ind2=" ">
   <subfield code="a">no mediado</subfield>
  </datafield>
  <datafield tag="338" ind1=" " ind2=" ">
   <subfield code="a">volumen</subfield>
  </datafield>
  <datafield tag="901" ind1=" " ind2=" ">
   <subfield code="a">286s</subfield>
  </datafield>
  <datafield tag="080" ind1=" " ind2=" ">
   <subfield code="a">286s</subfield>
  </datafield>
  <datafield tag="092" ind1=" " ind2=" ">
   <subfield code="a">286s</subfield>
  </datafield>
  <datafield tag="245" ind1=" " ind2=" ">
   <subfield code="a">Publicidad radiofónica</subfield>
   <subfield code="b">producción audiovisual</subfield>
  </datafield>
  <datafield tag="110" ind1=" " ind2=" ">
   <subfield code="a">UMAZA</subfield>
  </datafield>
  <datafield tag="650" ind1=" " ind2=" ">
   <subfield code="a">Comunicaciones por radio</subfield>
  </datafield>
  <datafield tag="650" ind1=" " ind2=" ">
   <subfield code="a">Publicidad</subfield>
  </datafield>
  <datafield tag="650" ind1=" " ind2=" ">
   <subfield code="a">Publicidad radiofónica</subfield>
  </datafield>
  <datafield tag="650" ind1=" " ind2=" ">
   <subfield code="a">Producción audiovisual</subfield>
  </datafield>
  <datafield tag="041" ind1=" " ind2=" ">
   <subfield code="a">spa</subfield>
  </datafield>
  <datafield tag="044" ind1=" " ind2=" ">
   <subfield code="a">ag#</subfield>
  </datafield>
  <datafield tag="500" ind1=" " ind2=" ">
   <subfield code="a">Contenido: 1.Kaplun, Mario: Producción de programas de radio. El guión. La realización... Cap. 2: la naturaleza del medio. p.47-58 . 2.Ortíz, Miguel A.: Diseño de programas de radio. Guiones, géneros y fòrmulas... Cap.3: elementos expresivos en el guión radiofónico. p. 30-41. 3. pérez, Mario A.: Prácticas radiofónicas. Manual del productor. Cap. 6: publicidad radiofónica. p. 77-103. 4. Haye, Ricardo M.: Hacia una nueva radio... Cap. 3: el código de la radio. p. 47-67.</subfield>
  </datafield>
  <datafield tag="300" ind1=" " ind2=" ">
   <subfield code="a">22cm</subfield>
  </datafield>
 </record>
</collection>
Cannot write session to /tmp/vufind_sessions/sess_9ufikhhq4q1rgvvihual5tan6e
